000
00216 a2200097 4500
001
48814
100
_a
Dr Nazir A Ch Dr M S Zafar
245
_a
Phys
260
_a
PSR
_b
Sarhad Bk Agency ABT
_c
090
_c
31713
_d
31713
942
_a
NUST-CAE
_c
M
_c
24129
999
_c
283887
_d
283887